Leadenhall Residential 2 Ltd v Stirling (Record no. 69672)

MARC details
000 -LEADER
fixed length control field 01920cam a2200229 4500
001 - CONTROL NUMBER
control field ABS65172
008 - FIXED-LENGTH DATA ELEMENTS--GENERAL INFORMATION
fixed length control field 020304n2002 000 0 eng u
035 ## - SYSTEM CONTROL NUMBER
System control number (Sirsi) u116967
245 ## - TITLE STATEMENT
Title Leadenhall Residential 2 Ltd v Stirling
260 ## - PUBLICATION, DISTRIBUTION, ETC.
Date of publication, distribution, etc. 2002
490 ## - SERIES STATEMENT
Series statement Weekly Law Reports
Volume/sequential designation [2002] 1 WLR 499-516(18)
520 ## - SUMMARY, ETC.
Summary, etc. CA 29 June 2001. In 1994 appellant tenant S was granted an assured tenancy for one year under the Housing Act 1988 on a flat at a monthly rent of £411.66.. S remained in possession on expiry of tenancy agreement. Landlord L commenced proceedings for possession which was granted but not enforced. as L accepted S's offer to pay the otustanding sum by monthly £100 instalments. The £4166 was paid regularly but the monthly £100 payments were sporadic. L increased the monthly rent to £433 in March 1998 with a further increase in 1999. In March 1999 L served a notice under the Landlord and Tenant Act 1988 s21(4)(a) for possession on the grounds that the flat had been let to S under an assured shorthold tenancy. District judge granted and CC upheld possession order. CA refused S's appeal on the grounds that the monthly £411.66 was not rent but mesne profits. The increase in the monthly payment introduced in 1998 had created an assured shorthold tenancy and the s21(4)(q) notice served under the1988 Act was valid and therefore L was entitled to possession. Appeal dismissed. Copy of full judgement available on http://porch.ccta.gov.uk/courtser/judgements.nsf/Search/74B058F61EF71F4880256A7D003F7A01?OpenDocument.
590 ## - LOCAL NOTE (RLIN)
Local note ABS
650 ## - SUBJECT ADDED ENTRY--TOPICAL TERM
Topical term or geographic name entry element LEADENHALL RESIDENTIAL 2 LTD V STIRLING
650 ## - SUBJECT ADDED ENTRY--TOPICAL TERM
Topical term or geographic name entry element NON-PAYMENT OF RENT
650 ## - SUBJECT ADDED ENTRY--TOPICAL TERM
Topical term or geographic name entry element POSSESSION ORDER
650 ## - SUBJECT ADDED ENTRY--TOPICAL TERM
Topical term or geographic name entry element LANDLORD AND TENANT ACT 1988
650 ## - SUBJECT ADDED ENTRY--TOPICAL TERM
Topical term or geographic name entry element ASSURED SHORTHOLD TENANCIES
650 ## - SUBJECT ADDED ENTRY--TOPICAL TERM
Topical term or geographic name entry element STATUTORY PERIODIC TENANCIES
690 ## - LOCAL SUBJECT ADDED ENTRY--TOPICAL TERM (OCLC, RLIN)
Topical term or geographic name as entry element LANDLORD AND TENANT-RESIDENTIAL TENANCIES-CASE LAW
942 ## - ADDED ENTRY ELEMENTS (KOHA)
Suppress in OPAC 0
Holdings
Withdrawn status Lost status Source of classification or shelving scheme Damaged status Not for loan Home library Current library Shelving location Date acquired Total Checkouts Full call number Barcode Date last seen Copy number Price effective from Koha item type
    Dewey Decimal Classification     London London Journal article 04/03/2002   ABS65172 116967-1001 06/08/2019 1 06/08/2019 Law report